00330nam a2200121Ia 4500008004100000082001800041100002000059245003000079250000800109260006000117300001500177650001600192191201s2003 xx 000 0 und d a621.3822bRAD aRAMESH, Babu, P 0aDigital Signal Processing a2nd aN.DelhibScitech Publication Chennai and Hadrabadc2003 a8.80, 9.13 aB.Tech(ECE)